PHILOSIPHICAL HORIZONS: INTRODUCTORY READINGS (Record no. 63776)
[ view plain ]
| 000 -LEADER | |
|---|---|
| fixed length control field | 00523nam a2200193Ia 4500 |
| 003 - CONTROL NUMBER IDENTIFIER | |
| control field | OSt |
| 005 - DATE AND TIME OF LATEST TRANSACTION | |
| control field | 20251210101830.0 |
| 020 ## - INTERNATIONAL STANDARD BOOK NUMBER | |
| International Standard Book Number | 978-0-534-51881-3 |
| 040 ## - CATALOGING SOURCE | |
| Transcribing agency | LC |
| 050 ## - LIBRARY OF CONGRESS CALL NUMBER | |
| Classification number | BD 21 .C 34 2006 |
| 100 ## - MAIN ENTRY--PERSONAL NAME | |
| Personal name | CAHN ,STEVEN M. |
| 245 #0 - TITLE STATEMENT | |
| Title | PHILOSIPHICAL HORIZONS: INTRODUCTORY READINGS |
| 260 ## - PUBLICATION, DISTRIBUTION, ETC. | |
| Place of publication, distribution, etc. | BELMONT, |
| Name of publisher, distributor, etc. | THOMSON HIGHER EDUCATION, |
| Date of publication, distribution, etc. | 2006, |
| 300 ## - PHYSICAL DESCRIPTION | |
| Extent | iX, 428 P, ILL |
| 500 ## - GENERAL NOTE | |
| General note | Includes bibliographical references |
| 650 ## - SUBJECT ADDED ENTRY--TOPICAL TERM | |
| Topical term or geographic name entry element | Philosophy-Introductions |
| 700 ## - ADDED ENTRY--PERSONAL NAME | |
| Personal name | ECKERT, MAUREEN |
| 942 ## - ADDED ENTRY ELEMENTS (KOHA) | |
| Koha item type | Long Loan Book |
| Source of classification or shelving scheme | Library of Congress Classification |
| Suppress in OPAC | No |
| Withdrawn status | Lost status | Source of classification or shelving scheme | Damaged status | Not for loan | Collection | Home library | Current library | Shelving location | Date acquired | Inventory number | Total checkouts | Total renewals | Full call number | Barcode | Date last seen | Date last checked out | Copy number | Price effective from | Koha item type |
|---|---|---|---|---|---|---|---|---|---|---|---|---|---|---|---|---|---|---|---|
| Library of Congress Classification | Arts & Social Sciences | Kisii University Library | Kisii University Library | On Display | 09/15/2023 | 37451 | 2 | 1 | BD 21 . C 34 2006 | 005446 | 12/09/2025 | 11/12/2025 | 2 | 09/15/2023 | Long Loan Book |